|
|
|
|
| LEADER |
00000nam a22000007a 4500 |
| 005 |
20190517005135.0 |
| 007 |
cr|||| |||| |
| 008 |
190517s2019 mx |||||s|||| 00||0 spa d |
| 020 |
|
|
|a 978-607-629-344-7
|
| 035 |
|
|
|a 23379
|
| 040 |
|
|
|a vLex
|
| 090 |
|
|
|c 8740
|d 8740
|
| 245 |
0 |
0 |
|a Prontuario Mercantil 2019
|h [Recurso electrn̤ico] /
|
| 250 |
|
|
|a Novena edicin̤
|
| 256 |
|
|
|a Servicio en ln̕ea
|
| 260 |
|
|
|a Ciudad de Mx̌ico:
|b Tax Editores,
|c 2019
|
| 300 |
|
|
|a 1 recurso electrn̤ico
|
| 500 |
|
|
|a 1163 pg̀inas.
|
| 506 |
1 |
|
|a Disponible solo en los productos indicados
|d vLex Global
|d vLex Global (Academic Edition, excluding Law Schools)
|d vLex Global (U.S. Academic Edition, Law Schools)
|d vLex Global (U.S. Academic Edition, excluding Law Schools)
|d vLex Global (Academic Edition, Law Schools)
|
| 650 |
0 |
4 |
|a Sociedades
|z Mx̌ico
|
| 650 |
0 |
4 |
|a Derecho de la Competencia
|z Mx̌ico
|
| 650 |
0 |
4 |
|a Obligaciones de las empresas
|z Mx̌ico
|
| 650 |
0 |
4 |
|a Derecho Cambiario y Burst̀il
|z Mx̌ico
|
| 650 |
0 |
4 |
|a Contratos Mercantiles
|z Mx̌ico
|
| 650 |
0 |
4 |
|a Cd̤igo de Comercio y Registro Mercantil
|z Mx̌ico
|
| 650 |
0 |
4 |
|a Comercio
|z Mx̌ico
|
| 740 |
0 |
|
|a vLex Libros (Servicio en ln̕ea)
|
| 856 |
4 |
0 |
|u http://vlex.com/source/prontuario-mercantil-2019-23379
|z Acceso restringido
|
| 942 |
|
|
|c BOOK
|
| 999 |
0 |
|
|a Societies
|
| 999 |
0 |
|
|a Competition Law
|
| 999 |
0 |
|
|a Obligations of companies
|
| 999 |
0 |
|
|a Exchange and Exchange Law
|
| 999 |
0 |
|
|a Commercial Contracts
|
| 999 |
0 |
|
|a Commercial Code and Commercial Registry
|
| 999 |
0 |
|
|a Trade
|